<?xml version="1.0" encoding="UTF-8"?><?xml-stylesheet type="text/xsl" href="static/style.xsl"?><OAI-PMH xmlns="http://www.openarchives.org/OAI/2.0/" xmlns:xsi="http://www.w3.org/2001/XMLSchema-instance" xsi:schemaLocation="http://www.openarchives.org/OAI/2.0/ http://www.openarchives.org/OAI/2.0/OAI-PMH.xsd"><responseDate>2026-04-17T20:11:42Z</responseDate><request verb="GetRecord" identifier="oai:riubu.ubu.es:10259/4856" metadataPrefix="marc">https://riubu.ubu.es/oai/request</request><GetRecord><record><header><identifier>oai:riubu.ubu.es:10259/4856</identifier><datestamp>2026-02-12T13:02:47Z</datestamp><setSpec>com_10259_2699</setSpec><setSpec>col_10259_4855</setSpec></header><metadata><record xmlns="http://www.loc.gov/MARC21/slim" xmlns:doc="http://www.lyncode.com/xoai" xmlns:xsi="http://www.w3.org/2001/XMLSchema-instance" xmlns:dcterms="http://purl.org/dc/terms/" xsi:schemaLocation="http://www.loc.gov/MARC21/slim http://www.loc.gov/standards/marcxml/schema/MARC21slim.xsd">
<leader>00925njm 22002777a 4500</leader>
<datafield tag="042" ind1=" " ind2=" ">
<subfield code="a">dc</subfield>
</datafield>
<datafield tag="720" ind1=" " ind2=" ">
<subfield code="a">Marty Roda, Marta</subfield>
<subfield code="e">author</subfield>
</datafield>
<datafield tag="260" ind1=" " ind2=" ">
<subfield code="c">2018</subfield>
</datafield>
<datafield tag="520" ind1=" " ind2=" ">
<subfield code="a">El ADN es una molécula altamente dinámica donde los pares de bases, que contienen información genética, pueden sufrir grandes fluctuaciones. La estructura del ADN ha sido ampliamente estudiada y conocida. Sin embargo, la comprensión de su dinámica, que influye de manera determinante en los procesos biológicos, es limitada.&#xd;
&#xd;
La tesis está dedicada al estudio de estas dinámicas durante la desnaturalización térmica del ADN, que consiste en la separación completa de las cadenas que forman la doble hélice del ADN. Hemos explorado el melting del ADN con diferentes técnicas, experimentales y teóricas y lo hemos estudiado en muestras ordenadas, como fibras de ADN.&#xd;
&#xd;
Se ha propuesto: un modelo teórico para el estudio de la dinámica; Caracterización física la transición de desnaturalización del ADN; Un método de síntesis para el diseño de fragmentos de ADN con secuencia controlada, para estudiar su flexibilidad, y caracterización de las fibras de A-DNA mediante microscopía AFM-RAMAN.</subfield>
</datafield>
<datafield tag="520" ind1=" " ind2=" ">
<subfield code="a">DNA is a highly dynamic molecule where base pairs, which contain genetic information, can suffer large fluctuations. The structure of DNA has been widely studied and it is well-known. However, the understanding of its dynamics, which has a decisive influence on biological processes, is limited.&#xd;
&#xd;
The thesis is dedicated to the study of these dynamics during the thermal denaturation of DNA, which consists on the complete separation of the strands that form the double helix of DNA. We have explored the melting of DNA with different experimental and theoretical techniques and although is has been widely studied in solution, we have studied it in ordered samples, such as DNA fibers.&#xd;
&#xd;
It has been proposed: a theoretical model for the study of dynamics; Physical characterization of DNA denaturing transition; A synthesis method for the design of DNA fragments with controlled sequence, to study their flexibility, and characterization of A-DNA fibers by AFM-RAMAN microscopy.</subfield>
</datafield>
<datafield tag="024" ind2=" " ind1="8">
<subfield code="a">http://hdl.handle.net/10259/4856</subfield>
</datafield>
<datafield ind1=" " ind2=" " tag="653">
<subfield code="a">ADN</subfield>
</datafield>
<datafield ind1=" " ind2=" " tag="653">
<subfield code="a">Modelo PBD</subfield>
</datafield>
<datafield ind1=" " ind2=" " tag="653">
<subfield code="a">Caracterización estructural</subfield>
</datafield>
<datafield ind1=" " ind2=" " tag="653">
<subfield code="a">Síntesis de biomoléculas</subfield>
</datafield>
<datafield ind1=" " ind2=" " tag="653">
<subfield code="a">Fibras de ADN</subfield>
</datafield>
<datafield ind1=" " ind2=" " tag="653">
<subfield code="a">DNA</subfield>
</datafield>
<datafield ind1=" " ind2=" " tag="653">
<subfield code="a">PBD model</subfield>
</datafield>
<datafield ind1=" " ind2=" " tag="653">
<subfield code="a">Structural characterization</subfield>
</datafield>
<datafield ind1=" " ind2=" " tag="653">
<subfield code="a">DNA synthesis</subfield>
</datafield>
<datafield ind1=" " ind2=" " tag="653">
<subfield code="a">DNA fibers</subfield>
</datafield>
<datafield tag="245" ind1="0" ind2="0">
<subfield code="a">A Multidisciplinary approach to DNA Nano/Bio-Physics</subfield>
</datafield>
</record></metadata></record></GetRecord></OAI-PMH>